banner-ar

المجتمع والدولة والاستعمار فى ليبيا: دراسة فى الاصول الاجتماعية والاقتصاديةوالثقافيةلحركات وسياسات التواطؤ ومقاومة الاستعمار 1830 - 1932 / (Record no. 48980)

MARC details
000 -الفاتح
حقل البيانات ثابتة الطول 00942nam a2200205Ia 4500
008 - عناصر البيانات ثابتة الطول - معلومات عامة
حقل البيانات ثابتة الطول 140319s9999 xx 000 0 ara d
040 ## - مصدر الفهرسة
وكالة الفهرسة الأصلية GCL /
وكالة النسخ GCL
082 04 - رقم تصنيف ديوى العشرى
رقم التصنيف 961.2
رقم المادة ع م
100 1# - المدخل الرئيسى - إسم شخصى
الإسم الشخصى على عبداللطيف حميدة
245 10 - بيان العنوان
العنوان المجتمع والدولة والاستعمار فى ليبيا: دراسة فى الاصول الاجتماعية والاقتصاديةوالثقافيةلحركات وسياسات التواطؤ ومقاومة الاستعمار 1830 - 1932 /
بيان المسئوليه,etc على عبداللطيف حميدة
300 ## - الوصف المادى
التعداد 226 ص
490 ## - بيان السلسلة
عنوان السلسلة سلسلة اطروحات الدكتوراة
رقم المجلد/ التعيين التسلسلي 0
650 04 - المدخل الاضافى بالموضوع-مصطلح موضوعى
مصطلح موضوعي الاحوال الاجتماعية
650 04 - المدخل الاضافى بالموضوع-مصطلح موضوعى
مصطلح موضوعي ليبيا
650 04 - المدخل الاضافى بالموضوع-مصطلح موضوعى
مصطلح موضوعي الاستعمار فى البلاد العربية
650 04 - المدخل الاضافى بالموضوع-مصطلح موضوعى
مصطلح موضوعي ليبيا - تاريخ - العصر العثمانى
650 04 - المدخل الاضافى بالموضوع-مصطلح موضوعى
مصطلح موضوعي ليبيا - تاريخ - الاحتلال الايطالى
942 ## - عناصر المدخل الإضافي( كوها)
مصدر التصنيف او مخطط الترفيف Dewey Decimal Classification
Koha [default] item type كتاب
Holdings
حالة التراجع حالة الفقد حالة تلف ليس للاعارة المكان المؤقت الموقع الحالى تاريخ الاكتساب اجمالي اﻻعارات رقم الطلب الباركود تاريخ اخر مشاهدة تاريخ تفعيل السعر نوع وعاء كوها
        مكتبة القاهرة الكبرى مكتبة القاهرة الكبرى 03/26/2014   961.2\ع م 117849 03/26/2014 03/26/2014 كتاب

Powered By

EGPV